000 00891nam a2200265 a 4500
008
020 _a0521484146 (pbk.)
020 _a0521383684 (cased.)
049 _aMAIN
090 _aQD716.P48
100 1 _aSchinke, Reinhard.
245 1 0 _aPhotodissociation dynamics :
_bspectroscopy and fragmentation of small polyatomic molecules /
_cReinhard Schinke.
260 _aCambridge :
_bCambridge University Press,
_c1993.
300 _axv, 417 p. :
_bill. ;
_c25 cm.
440 0 _aCambridge monographs on atomic, molecular, and chemical physics ;
_v1
504 _aIncludes bibliographical references.
500 _aIncludes index.
650 0 _aPhotodissociation.
650 0 _aMolecular dynamics.
907 _a.b10057468
_b06-07-04
_c17-04-03
003
005 20230123133233.0
040 _cNUST
942 _cBOOKS
_kQD716.P48
999 _c145116
_d145116